Catálogo

Computer science distilled : (Registro nro. 67340)

Detalles MARC
000 -LEADER
fixed length control field 00982nam a2200277 u 4500
001 - CONTROL NUMBER
control field 67340
005 - DATE AND TIME OF LATEST TRANSACTION
control field 20210225121724.0
008 - FIXED-LENGTH DATA ELEMENTS--GENERAL INFORMATION
fixed length control field 170515s2017 xxua r 000 0 eng d
020 ## - INTERNATIONAL STANDARD BOOK NUMBER
International Standard Book Number 9780997316025
040 ## - CATALOGING SOURCE
Original cataloging agency MX-PuUPA
Language of cataloging spa
Description conventions rda
Transcribing agency Mx-PuUPA
Modifying agency Mx-PuUPA
041 ## - LANGUAGE CODE
Language code of text/sound track or separate title eng
082 0# - DEWEY DECIMAL CLASSIFICATION NUMBER
Classification number 004
Item number FER
100 1# - MAIN ENTRY--PERSONAL NAME
Personal name Ferreira Filho, Wladston,
Relator term autor
245 10 - TITLE STATEMENT
Title Computer science distilled :
Remainder of title learn the art of solving computational problems /
Statement of responsibility, etc. Wladston Ferreira Filho.
250 ## - EDITION STATEMENT
Edition statement First edition
264 #1 - PRODUCTION, PUBLICATION, DISTRIBUTION, MANUFACTURE, AND COPYRIGHT NOTICE
Place of production, publication, distribution, manufacture United States of America :
Name of producer, publisher, distributor, manufacturer Code Energy,
Date of production, publication, distribution, manufacture, or copyright notice 2017
300 ## - PHYSICAL DESCRIPTION
Extent x, 168 páginas :
Other physical details ilustraciones, gráficas y tablas ;
Dimensions 22 cm.
336 ## - CONTENT TYPE
Content type term texto
Source rdacontent
Content type code txt
337 ## - MEDIA TYPE
Media type term sin medio
Source rdamedia
Media type code n
338 ## - CARRIER TYPE
Carrier type term volumen
Source rdacarrier
Carrier type code nc
650 #4 - SUBJECT ADDED ENTRY--TOPICAL TERM
Topical term or geographic name entry element Algoritmos
General subdivision Informática
650 #4 - SUBJECT ADDED ENTRY--TOPICAL TERM
Topical term or geographic name entry element Programación de computadoras
650 #4 - SUBJECT ADDED ENTRY--TOPICAL TERM
Topical term or geographic name entry element Ciencias de la computación
650 #4 - SUBJECT ADDED ENTRY--TOPICAL TERM
Topical term or geographic name entry element Estructura de datos (computadoras)
942 ## - ADDED ENTRY ELEMENTS (KOHA)
Classification part 004
Item part FER
Koha item type Libro
Existencias
Withdrawn status Lost status Source of classification or shelving scheme Damaged status Not for loan Collection code Home library Current library Shelving location Date acquired Source of acquisition Total Checkouts Full call number Barcode Checked out Date last seen Date last checked out Price effective from Koha item type
    Dewey Decimal Classification     Magisterial Biblioteca Karol Wojtyla Biblioteca Karol Wojtyla Módulo de circulación 15/05/2017 Compra 1 004 FER 2017 97670 10/08/2017 10/08/2017 10/08/2017 21/07/2017 Magisterial